Jeux de société - Classiques - Statistiques

Statistiques générales
  • Ce quiz a été pris 244 fois
  • Le résultat moyen est 9 sur 16
Statistiques - réponses
Par images Réponse % Correct
Monopoly
97%
qui est ce
96%
Scrabble
95%
Docteur Maboul
94%
Cluedo
87%
Mikado
84%
Labyrinthe
77%
Croque carotte
62%
1000 bornes
57%
Cass Baraque
53%
Loups garous
48%
Cuisto dingo
28%
Elefun
25%
Ouistiti
21%
Tourn Main
12%
Qui l'a vu
5%
Aucun quiz correspondant
Distribution des résultats
% des personnes avec chaque résultat
Percentile par nombre de réponses
Votre historique - résultats
Vous n’avez pas pris ce quiz